000 00392 a2200169 4500
001 46050
020 _a85-16-035751
040 _cAnchieta - Aquarius
100 _aGribel, Chistiane
240 1 0 _aCom a pulga atrás da orelha
_lpor
245 1 0 _aCom a pulga atrás da orelha
300 _a
362 0 _a2011
440 1 _aModerna
650 4 _aLiteratura infanto-juvenil
942 _cBK
999 _c46050
_d46050